000 01056nam a2200289 a 4500
999 _c58317
_d58317
001 58317
003 Mx-PuUPA
005 20210305173834.0
008 140415s2001 sp r 000 0 spa d
020 _a8484503844
040 _erda
_aMx-PuUPA
_bspa
_cMx-PuUPA
_dMx-PuUPA
041 0 _aspa
100 1 _aFollett, Ken,
_d1949-
_eautor
240 1 0 _aThe pillars of the earth.
_lEspañol
245 1 4 _aLos pilares de la tierra /
_cKin Follett ; traducción de Rosalía Vázquez.
250 _aSegunda edición
264 1 _aSant Andreu de la Barca, Barcelona :
_bPlaza & Janés Editores,
_bDebolsillo,
_c2001
300 _a1358 páginas ;
_c19 cm.
336 _atexto
_2rdacontent
_btxt
337 _asin medio
_2rdamedia
_bn
338 _avolumen
_2rdacarrier
_bnc
650 4 _aLiteratura Medieval
_xLiteratura Norteamericana
_ySiglo XX
_xNovela Norteamericana
700 1 _aVázquez, Rosalía,
_etraductor
700 1 _iTraducción de:
_aFollett, Ken,
_tThe pillars of the earth.
942 _2ddc
_cLI
_h813
_iFOL